00921nam a22002652a 450000100060000000300080000600500170001400800410003103500190007204000370009104100080012808200160013610000270015224500410017926000510022030000200027149000430029160000450033465000520037983000180043183000420044994200120049199900170050395201350052020367BD-RjUL20211209000545.0140227s1952 nju 001 0 eng d a(BD-RjUL)20429 aDLCcDLCdUKMdEQOdBD-RjULbeng aeng a822.33bHUS1 aHubler, Edward.96036314aThe sense of Shakespeare's sonnets / aPrinceton :bPrinceton University Press,c1952 a169 p. ;c23 cm1 aPrinceton studies in English ;vno. 3310aShakespeare, William,d1564-1616.962797 0aSonnets, EnglishxHistory and criticism.960362 0vno. 33962798 0aPrinceton studies in English ;962796 2ddccBK c20367d20367 00102ddc40718FICaRUCLbRUCLcReadingd1955-08-06eO.U.P.g12.00l0o822.33 HUS 1952r2014-02-27 00:00:00tC-1w2014-02-27yBK